书目信息 |
| 题名: |
能源问题与前景
|
|
| 作者: | 斯特里科维奇 , 什皮利莱因 著 ;梁士元 译 | |
| 分册: | ||
| 出版信息: | 北京 科学技术文献出版社 1984.7 |
|
| 页数: | 181页 | |
| 开本: | 19cm | |
| 丛书名: | ||
| 单 册: | ||
| 中图分类: | TK01 | |
| 科图分类: | ||
| 主题词: | 能源 | |
| 电子资源: | ||
| ISBN: | ||
| 000 | 00751nam0 2200217 45 | |
| 001 | 0181013419 | |
| 005 | 20060322152224.67 | |
| 010 | @dCNY0.65 | |
| 091 | @a15176.600 | |
| 100 | @a20810111d km y0chiy0120 ea | |
| 101 | 0 | @achi |
| 200 | 1 | @a能源问题与前景@Aneng yuan wen ti yu qian jing@f(苏)М·А·斯特里科维奇,Э·Э·什皮利莱因著@F(su)М·А·si te li ke wei qi,Э·Э·shen pi li lai yin zhu@g梁士元等译@Gliang shi yuan deng yi |
| 210 | @a北京@c科学技术文献出版社@d1984.7 | |
| 215 | @a181页@d19cm | |
| 606 | 0 | @a能源 |
| 690 | @aTK01 | |
| 701 | 0 | @a斯特里科维奇@Asi te li ke wei qi@4著 |
| 701 | 0 | @a什皮利莱因@Ashen pi li lai yin@4著 |
| 702 | 0 | @a梁士元@Aliang shi yuan@4译 |
| 801 | @aCN@bTSTC@c20060322 | |
| 905 | @dTK01@f2@b117341-342@e10 | |
| 能源问题与前景/(苏)М·А·斯特里科维奇,Э·Э·什皮利莱因著/梁士元等译.-北京:科学技术文献出版社,1984.7 |
| 181页;19cm |
| ISBN :CNY0.65 |
| ● |
| 相关链接 |
|
|
|
|
正题名:能源问题与前景
索取号:TK01/10
 
预约/预借
| 序号 | 登录号 | 条形码 | 馆藏地/架位号 | 状态 | 备注 |
| 1 | 0117341 | 001367407 | 第三借阅区/ [索取号:TK01/10] | 在馆 | |
| 2 | 0117342 | 001367363 | 第二样本阅览室/ [索取号:TK01/10] | 在馆 | |
| 3 | 0117343 | 202217421 | 密集书库/ [索取号:TK01/10] | 在馆 |